000 01150cam a2200325 i 4500
999 _c127009
_d127009
001 17605662
003 ARRUPE
005 20171003095012.0
008 130129s2012 mz b 000 0 por
010 _a 2012312560
040 _aDLC
_beng
_cDLC
_erda
042 _alcode
_apcc
043 _af-mz---
050 0 0 _aBF1242.M85
_bC45 2012
100 1 _aChiziane, Paulina,
_d1955-
_936647
245 1 0 _aNa mão de Deus /
_cPaulina Chiziane, Maria do Carmo da Silva.
260 _aMozambique
_bMatiko and Arte, LDA
_c2012
300 _a157 p. ;
_c21 cm
504 _aIncludes bibliographical references (page 199).
700 1 _aSilva, Maria do Carmo da,
_d1966-
_936648
906 _a7
_bcbc
_corigode
_d3
_encip
_f20
_gy-gencatlg
942 _2lcc
_cMONOGRAPH